Revista de Derecho Privado

Detalles Bibliográficos
Formato: eBook
Lenguaje:español
Publicado: Bogot:̀ Universidad Externado de Colombia, 2010
Materias:
Acceso en línea:Acceso restringido

MARC

LEADER 00000nam a22000007a 4500
005 20190913132922.0
007 cr|||| ||||
008 190913c20109999co fr|w s|||| 0|||b1spa d
022 |a 0123-4366 
035 |a 21964 
040 |a vLex 
090 |c 9514  |d 9514 
245 0 0 |a Revista de Derecho Privado  |h [Recurso electrn̤ico] / 
256 |a Servicio en ln̕ea 
260 |a Bogot:̀  |b Universidad Externado de Colombia,  |c 2010 
300 |a 1 recurso electrn̤ico 
310 |a Semestral 
506 1 |a Disponible solo en los productos indicados  |d vLex Global  |d vLex Global (Academic Edition, excluding Law Schools)  |d vLex Global (U.S. Academic Edition, Law Schools)  |d vLex Global (U.S. Academic Edition, excluding Law Schools)  |d vLex Global (Academic Edition, Law Schools) 
650 0 4 |a Derecho Civil  |z Colombia 
650 0 4 |a Derecho Mercantil y de la Empresa  |z Colombia 
740 0 |a vLex Revistas (Servicio en ln̕ea) 
856 4 0 |u http://vlex.com/source/revista-derecho-privado-21964  |z Acceso restringido 
942 |c REV 
999 0 |a Civil Law 
999 0 |a Commercial and Business Law